<?xml version="1.0" encoding="UTF-8"?>
<record
    xmlns:xsi="http://www.w3.org/2001/XMLSchema-instance"
    xsi:schemaLocation="http://www.loc.gov/MARC21/slim http://www.loc.gov/standards/marcxml/schema/MARC21slim.xsd"
    xmlns="http://www.loc.gov/MARC21/slim">

  <leader>01361nam a2200241Ia 4500</leader>
  <controlfield tag="003">Ost</controlfield>
  <controlfield tag="005">20260426125804.0</controlfield>
  <controlfield tag="008">260426s9999||||xx |||||||||||||| ||und||</controlfield>
  <datafield tag="040" ind1=" " ind2=" ">
    <subfield code="c">fsecg</subfield>
  </datafield>
  <datafield tag="041" ind1=" " ind2=" ">
    <subfield code="a">fre</subfield>
  </datafield>
  <datafield tag="082" ind1=" " ind2=" ">
    <subfield code="a">657</subfield>
  </datafield>
  <datafield tag="100" ind1=" " ind2=" ">
    <subfield code="a">Haoues, Sellah</subfield>
    <subfield code="e">Auteur</subfield>
  </datafield>
  <datafield tag="245" ind1=" " ind2="0">
    <subfield code="a">La Comptabilit&#xE9; g&#xE9;n&#xE9;rale selon le nouveau syst&#xE9;me comptable et financier SCF /</subfield>
    <subfield code="c">Sellah Haoues</subfield>
  </datafield>
  <datafield tag="260" ind1=" " ind2=" ">
    <subfield code="a">Alger :</subfield>
    <subfield code="b">Universit&#xE9; d'Alger3 Facult&#xE9; des sciences &#xE9;conomiques commerciales et des sciences de gestion,</subfield>
    <subfield code="c">2010</subfield>
  </datafield>
  <datafield tag="300" ind1=" " ind2=" ">
    <subfield code="a">114  feuil,</subfield>
    <subfield code="b">illustration,</subfield>
    <subfield code="c">30 cm</subfield>
  </datafield>
  <datafield tag="504" ind1=" " ind2=" ">
    <subfield code="a">bibliographie feuil 113</subfield>
  </datafield>
  <datafield tag="520" ind1=" " ind2=" ">
    <subfield code="a">la comptabilit&#xE9; est un outil d'&#xE9;valution recensant et communiquant des information sur l'activit&#xE9; &#xE9;conomique d'une entite &#xE9;conomique ( entreprise collectivit&#xE9; , association ..) , ces informations sont g&#xE9;n&#xE9;ralement exprim&#xE9;es en unit&#xE9;s mon&#xE9;taires . elle effectue des op&#xE9;rations de saisie des informations brutes , de classement et de sn*ynth&#xE9;se de ces information , ce synth&#xE9;ses d&#xE9;crivent la situation financi&#xE9;re de l'entite , sa cr&#xE9;ation de valeur( flux de fond) et ses flux de tr&#xE9;sorerie.  </subfield>
  </datafield>
  <datafield tag="653" ind1=" " ind2=" ">
    <subfield code="a">comptabilit&#xE9;</subfield>
  </datafield>
  <datafield tag="653" ind1=" " ind2=" ">
    <subfield code="a">Comptabilit&#xE9; g&#xE9;n&#xE9;rale</subfield>
  </datafield>
  <datafield tag="653" ind1=" " ind2=" ">
    <subfield code="a">SCF</subfield>
  </datafield>
  <datafield tag="710" ind1=" " ind2=" ">
    <subfield code="a">Universit&#xE9; d'Alger3 Facult&#xE9; des sciences &#xE9;conomiques commerciales et des sciences de gestion</subfield>
    <subfield code="e">&#xC9;diteur scientifique</subfield>
  </datafield>
  <datafield tag="942" ind1=" " ind2=" ">
    <subfield code="c">HANDOUT</subfield>
  </datafield>
  <datafield tag="952" ind1=" " ind2=" ">
    <subfield code="0">0</subfield>
    <subfield code="1">0</subfield>
    <subfield code="2">ddc</subfield>
    <subfield code="4">0</subfield>
    <subfield code="7">-1</subfield>
    <subfield code="a">fsecg</subfield>
    <subfield code="b">fsecg</subfield>
    <subfield code="d">2026-04-26</subfield>
    <subfield code="h">deuxi&#xE8;me &#xE9;tage</subfield>
    <subfield code="i">Po.278-1</subfield>
    <subfield code="l">0</subfield>
    <subfield code="o">Po.278 exp1</subfield>
    <subfield code="p">Po.278-1</subfield>
    <subfield code="r">2026-04-26 12:58:04</subfield>
    <subfield code="w">2026-04-26</subfield>
    <subfield code="y">HANDOUT</subfield>
  </datafield>
  <datafield tag="999" ind1=" " ind2=" ">
    <subfield code="c">41487</subfield>
    <subfield code="d">41487</subfield>
  </datafield>
</record>
